| 000 | 00000nam 2200000za 4500 |
| 001 | 9.800233 |
| 003 | CaOODSP |
| 005 | 20221107134559 |
| 007 | cr ||||||||||| |
| 008 | 150406s2015 xxc|||||o f|0| 0 eng d |
| 040 | |aCaOODSP|beng |
| 043 | |an-cn--- |
| 086 | 1 |aXC62-1/1-412-9E-PDF |
| 110 | 1 |aCanada. |bParliament. |bHouse of Commons. |bStanding Committee on Health. |
| 245 | 10|aVaping |h[electronic resource] : |btowards a regulatory framework for e-cigarettes / |cBen Lobb, Chair. |
| 260 | |aOttawa : |bHouse of Commons, |c2015. |
| 300 | |a58 p. : |btables. |
| 490 | 1 |aReport of the Standing Committee on Health|v9th report, 41st Parliament, 2nd session |
| 500 | |aIssued also in French under title: Vapotage : vers l’établissement d’un cadre réglementaire sur les cigarettes électroniques. |
| 500 | |aOriginal published on: 2015/03/10; published on: 2015/03/17; published on: 2015/03/18. |
| 504 | |aIncludes bibliographical references. |
| 692 | 07|2gccst|aHealth |
| 775 | 08|tVapotage |w(CaOODSP)9.608341 |
| 830 | #0|aReport of the Standing Committee on Health ;|v9th report, 41st Parliament, 2nd session|w(CaOODSP)9.507061 |
| 856 | 40|qPDF|s1.03 MB|uhttps://publications.gc.ca/collections/collection_2015/parl/xc62-1/XC62-1-1-412-9-eng.pdf |